[Event "IECG CB.2003.0.00096 email"]
[Site "IECG email"]
[Date "2003.11.02"]
[Round "?"]
[White "Kinkelin, Christian"]
[Black "Sladek, Vaclav"]
[Result "0-1"]
[WhiteElo "1816"]
[BlackElo "1946"]
[PlyCount "44"]
[EventDate "2003.11.02"]
[EventType "tourn (corr)"]
[EventRounds "6"]
[SourceTitle "Corr 2008"]
[Source "ChessBase"]
[SourceDate "2008.06.24"]
[SourceVersion "1"]
[SourceVersionDate "2008.06.24"]
[SourceQuality "1"]

1. e4 c6 2. d4 d5 3. e5 Bf5 4. g4 Bd7 5. Bd3 e6 6. Ne2 c5 7. c3 Nc6 8. Nd2 h5 9. gxh5 cxd4 10. cxd4 Qh4 11. Nb3 Qxh5 12. a3 Qf3 13. Ng3 Qxd1+ 14. Kxd1 a5 15. Be3 a4 16. Nd2 b5 17. b4 axb3 18. Nxb3 Rxa3 19. Rxa3 Bxa3 20. h4 Nh6 21. f3 Be7 22. h5 b4 0-1

[Event "CFriend SI-2003-0-00013 email"]
[Site "Chessfriend.com"]
[Date "2003.10.27"]
[Round "?"]
[White "Amann, Klaus"]
[Black "Kinkelin, Christian"]
[Result "1-0"]
[WhiteElo "1979"]
[BlackElo "1812"]
[PlyCount "37"]
[EventDate "2003.10.27"]
[EventType "tourn (corr)"]
[EventRounds "10"]
[SourceTitle "Corr 2008"]
[Source "ChessBase"]
[SourceDate "2008.06.24"]
[SourceVersion "1"]
[SourceVersionDate "2008.06.24"]
[SourceQuality "1"]

1. e4 c6 2. d4 d5 3. Nd2 dxe4 4. Nxe4 Bf5 5. Ng3 Bg6 6. Nf3 e6 7. h4 h6 8. Ne5 Bh7 9. Bd3 Bxd3 10. Qxd3 Nd7 11. Bf4 Ngf6 12. 0-0-0 Nd5 13. Bd2 Qc7 14. Rhe1 Nxe5 15. dxe5 0-0-0 16. Qf3 Kb8 17. Kb1 Bc5 18. c3 Nb6 19. Ne4 1-0

[Event "CFriend SI-2003-0-00013 email"]
[Site "Chessfriend.com"]
[Date "2003.10.27"]
[Round "?"]
[White "Kinkelin, Christian"]
[Black "Farkas, Lajos"]
[Result "0-1"]
[WhiteElo "1812"]
[BlackElo "1714"]
[PlyCount "62"]
[EventDate "2003.10.27"]
[EventType "tourn (corr)"]
[EventRounds "10"]
[SourceTitle "Corr 2008"]
[Source "ChessBase"]
[SourceDate "2008.06.24"]
[SourceVersion "1"]
[SourceVersionDate "2008.06.24"]
[SourceQuality "1"]

1. e4 e5 2. Nf3 Nc6 3. Bb5 a6 4. Ba4 Nf6 5. 0-0 Be7 6. Re1 b5 7. Bb3 d6 8. c3 0-0 9. h3 Na5 10. Bc2 c5 11. d4 Qc7 12. Nbd2 cxd4 13. cxd4 Nc6 14. d5 Nb4 15. Bb1 a5 16. Nf1 Bd7 17. Bd2 Rfc8 18. Ne3 Na6 19. Nh4 g6 20. Bc2 Nc5 21. Nf1 Nfxe4 22. Nxg6 hxg6 23. Bxe4 Nxe4 24. Rxe4 Qb7 25. Bh6 Rc5 26. Rc1 Rac8 27. b4 axb4 28. Rxb4 Qxd5 29. Qxd5 Rxd5 30. Rxc8+ Bxc8 31. a4 bxa4 0-1

[Event "CFriend SI-2003-0-00013 email"]
[Site "Chessfriend.com"]
[Date "2003.10.27"]
[Round "?"]
[White "Schalkwijk, Peter H"]
[Black "Kinkelin, Christian"]
[Result "1/2-1/2"]
[WhiteElo "1722"]
[BlackElo "1812"]
[PlyCount "29"]
[EventDate "2003.10.27"]
[EventType "tourn (corr)"]
[EventRounds "10"]
[SourceTitle "Corr 2008"]
[Source "ChessBase"]
[SourceDate "2008.06.24"]
[SourceVersion "1"]
[SourceVersionDate "2008.06.24"]
[SourceQuality "1"]

1. g3 e5 2. Bg2 d5 3. c4 c6 4. cxd5 cxd5 5. Qb3 d4 6. Qb5+ Nd7 7. d3 a6 8. Qa4 Ngf6 9. Nf3 b5 10. Qb3 Nc5 11. Qd1 Bb7 12. 0-0 Bd6 13. Bg5 0-0 14. Nbd2 h6 15. Bxf6 1/2-1/2

[Event "CFriend SI-2003-0-00013 email"]
[Site "Chessfriend.com"]
[Date "2003.10.27"]
[Round "?"]
[White "Weiss, Frederic J Marie"]
[Black "Kinkelin, Christian"]
[Result "1/2-1/2"]
[WhiteElo "1705"]
[BlackElo "1812"]
[PlyCount "31"]
[EventDate "2003.10.27"]
[EventType "tourn (corr)"]
[EventRounds "10"]
[SourceTitle "Corr 2008"]
[Source "ChessBase"]
[SourceDate "2008.06.24"]
[SourceVersion "1"]
[SourceVersionDate "2008.06.24"]
[SourceQuality "1"]

1. e4 c5 2. c3 e6 3. d4 d5 4. exd5 Qxd5 5. Nf3 Nc6 6. Be3 Nf6 7. dxc5 Qxd1+ 8. Kxd1 Ng4 9. b4 Nxe3+ 10. fxe3 Be7 11. Bb5 Bd7 12. Nbd2 a5 13. Nd4 axb4 14. Bxc6 Bxc6 15. cxb4 Bf6 16. N2f3 1/2-1/2

[Event "IECG RI.2003.0.00010 email"]
[Site "IECG email"]
[Date "2003.07.24"]
[Round "?"]
[White "Farnik, Kym"]
[Black "Kinkelin, Christian"]
[Result "1/2-1/2"]
[WhiteElo "1807"]
[BlackElo "1818"]
[PlyCount "55"]
[EventDate "2003.07.24"]
[EventType "tourn (corr)"]
[EventRounds "6"]
[SourceTitle "Corr 2008"]
[Source "ChessBase"]
[SourceDate "2008.06.24"]
[SourceVersion "1"]
[SourceVersionDate "2008.06.24"]
[SourceQuality "1"]

1. d4 Nf6 2. c4 e6 3. Nc3 Bb4 4. e3 0-0 5. a3 Bxc3+ 6. bxc3 c5 7. Bd3 d5 8. cxd5 exd5 9. Ne2 b6 10. 0-0 Ba6 11. f3 Bxd3 12. Qxd3 Re8 13. Ng3 Nc6 14. e4 cxd4 15. cxd4 dxe4 16. fxe4 Qxd4+ 17. Qxd4 Nxd4 18. Bb2 Red8 19. Rad1 Nc2 20. Rc1 Rac8 21. Nf5 Rc4 22. Rcd1 Rxd1 23. Rxd1 h5 24. Rd8+ Kh7 25. e5 Ng4 26. h3 Nge3 27. Nxg7 Kg6 28. Rg8 1/2-1/2

[Event "IECG CB.2003.0.00084 email"]
[Site "IECG email"]
[Date "2003.06.20"]
[Round "?"]
[White "Kinkelin, Christian"]
[Black "Ottaviani, Mauro"]
[Result "0-1"]
[WhiteElo "1826"]
[BlackElo "1967"]
[PlyCount "106"]
[EventDate "2003.06.20"]
[EventType "tourn (corr)"]
[EventRounds "6"]
[SourceTitle "Corr 2008"]
[Source "ChessBase"]
[SourceDate "2008.06.24"]
[SourceVersion "1"]
[SourceVersionDate "2008.06.24"]
[SourceQuality "1"]

1. e4 e5 2. Nf3 Nc6 3. Bb5 a6 4. Ba4 Nf6 5. 0-0 Nxe4 6. Re1 Nc5 7. Bxc6 dxc6 8. Nxe5 Be7 9. d4 Ne6 10. c3 0-0 11. Be3 f6 12. Nd3 Re8 13. Nd2 b6 14. Qh5 a5 15. Nf3 Ba6 16. Nf4 Bd6 17. Nxe6 Rxe6 18. Bd2 Qd7 19. Rxe6 Qxe6 20. b3 Qd5 21. Qg4 Bc8 22. Qh4 g5 23. Qh5 Qf7 24. Qxf7+ Kxf7 25. Be3 Be6 26. Re1 a4 27. Nd2 axb3 28. axb3 h6 29. h4 Ra2 30. hxg5 hxg5 31. Nc4 b5 32. Nxd6+ cxd6 33. b4 Bd5 34. f3 Kg6 35. Bf2 f5 36. Re7 f4 37. Rd7 Ra1+ 38. Kh2 Rc1 39. Rxd6+ Kf5 40. Rd8 g4 41. fxg4+ Kxg4 42. Rd7 Rxc3 43. Rg7+ Kf5 44. Bh4 Rc4 45. Be7 Rxd4 46. Rg5+ Ke4 47. Bd6 Kd3 48. Rg6 Kc4 49. Rf6 Kb3 50. Kg1 Rxb4 51. Kf2 Rc4 52. Bxf4 b4 53. Ke3 Kc2 0-1

[Event "IECG WC.2005.P.00003 email"]
[Site "IECG email"]
[Date "2002.01.29"]
[Round "?"]
[White "Chetvertakoff, Valery"]
[Black "Kinkelin, Christian"]
[Result "1-0"]
[WhiteElo "2250"]
[BlackElo "1900"]
[PlyCount "33"]
[EventDate "2002.01.29"]
[EventType "tourn (corr)"]
[EventRounds "12"]
[SourceTitle "Corr 2008"]
[Source "ChessBase"]
[SourceDate "2008.06.24"]
[SourceVersion "1"]
[SourceVersionDate "2008.06.24"]
[SourceQuality "1"]

1. e4 c5 2. Nf3 Nc6 3. Bb5 g6 4. 0-0 Bg7 5. Re1 d6 6. c3 Bd7 7. d4 cxd4 8. cxd4 Qb6 9. Nc3 Nf6 10. Be3 Qa5 11. Qb3 Rc8 12. d5 Nd8 13. Bd4 Rg8 14. e5 dxe5 15. Nxe5 Bxb5 16. Nxb5 Kf8 17. d6 1-0

[Event "IECG WC.2005.P.00003 email"]
[Site "IECG email"]
[Date "2002.01.29"]
[Round "?"]
[White "Hynes, Thomas F"]
[Black "Kinkelin, Christian"]
[Result "1-0"]
[WhiteElo "1525"]
[BlackElo "1900"]
[PlyCount "85"]
[EventDate "2002.01.29"]
[EventType "tourn (corr)"]
[EventRounds "12"]
[SourceTitle "Corr 2008"]
[Source "ChessBase"]
[SourceDate "2008.06.24"]
[SourceVersion "1"]
[SourceVersionDate "2008.06.24"]
[SourceQuality "1"]

1. e4 c5 2. Nf3 d6 3. d4 cxd4 4. Nxd4 Nf6 5. Nc3 a6 6. Be2 e5 7. Nb3 Be7 8. 0-0 0-0 9. Be3 Nbd7 10. a4 b6 11. Bc4 Bb7 12. f3 Qc7 13. Qd3 Nc5 14. Nxc5 dxc5 15. Rad1 Rfd8 16. Qe2 h6 17. Rxd8+ Bxd8 18. Qf2 Qe7 19. Rd1 Bc7 20. a5 Rd8 21. Rxd8+ Qxd8 22. axb6 Bxb6 23. Qg3 Bc7 24. h3 g5 25. Kh2 Bd6 26. h4 Nh7 27. hxg5 Nxg5 28. Na4 Qe7 29. Qf2 Qf6 30. b3 Kg7 31. Nxc5 Bxc5 32. Bxc5 Qf4+ 33. Kg1 Qc1+ 34. Bf1 Qf4 35. Be3 Qf6 36. b4 Ne6 37. c3 Kh7 38. Qd2 Nf4 39. Qd7 Bc6 40. Qc8 Bb5 41. c4 Ba4 42. b5 axb5 43. cxb5 1-0

[Event "IECG WC.2005.P.00003 email"]
[Site "IECG email"]
[Date "2002.01.29"]
[Round "?"]
[White "Kinkelin, Christian"]
[Black "Grkinic, Goran"]
[Result "1/2-1/2"]
[WhiteElo "1900"]
[BlackElo "1561"]
[PlyCount "55"]
[EventDate "2002.01.29"]
[EventType "tourn (corr)"]
[EventRounds "12"]
[SourceTitle "Corr 2008"]
[Source "ChessBase"]
[SourceDate "2008.06.24"]
[SourceVersion "1"]
[SourceVersionDate "2008.06.24"]
[SourceQuality "1"]

1. e4 e5 2. Nf3 Nc6 3. Bb5 a6 4. Ba4 Nf6 5. 0-0 b5 6. Bb3 Be7 7. Re1 d6 8. c3 0-0 9. h3 Na5 10. Bc2 c5 11. d4 Qc7 12. d5 Nc4 13. a4 Bd7 14. b3 Na5 15. Nbd2 bxa4 16. b4 cxb4 17. cxb4 Nb3 18. Nxb3 axb3 19. Bxb3 Rfc8 20. Ba3 Qb6 21. Bc2 Bb5 22. Rc1 Rc3 23. Bb2 Rc7 24. Bb1 Rac8 25. Qd2 Nh5 26. Rxc7 Rxc7 27. Kh2 h6 28. Rc1 1/2-1/2

[Event "IECG WC.2005.P.00003 email"]
[Site "IECG email"]
[Date "2002.01.29"]
[Round "?"]
[White "Peto, Peter"]
[Black "Kinkelin, Christian"]
[Result "1/2-1/2"]
[WhiteElo "2169"]
[BlackElo "1900"]
[PlyCount "33"]
[EventDate "2002.01.29"]
[EventType "tourn (corr)"]
[EventRounds "12"]
[SourceTitle "Corr 2008"]
[Source "ChessBase"]
[SourceDate "2008.06.24"]
[SourceVersion "1"]
[SourceVersionDate "2008.06.24"]
[SourceQuality "1"]

1. d4 Nf6 2. c4 e6 3. g3 d5 4. Nf3 Be7 5. Bg2 0-0 6. 0-0 c6 7. b3 b6 8. Qc2 Bb7 9. Bb2 Nbd7 10. Nbd2 c5 11. e3 Rc8 12. Rac1 b5 13. Rfd1 cxd4 14. Nxd4 a6 15. Qb1 Qb6 16. cxd5 Bxd5 17. Bxd5 1/2-1/2

[Event "Dresden ZMD op"]
[Site "Dresden"]
[Date "2002.??.??"]
[Round "2"]
[White "Erenska Barlo, Hanna"]
[Black "Kinkelin, Christian"]
[Result "1/2-1/2"]
[WhiteElo "2250"]
[BlackElo "2170"]
[PlyCount "46"]
[EventDate "2002.07.18"]
[EventType "swiss"]
[EventRounds "9"]
[EventCountry "GER"]
[SourceTitle "EXT 2003"]
[Source "ChessBase"]
[SourceDate "2002.11.25"]
[SourceVersion "1"]
[SourceVersionDate "2002.11.25"]
[SourceQuality "1"]

1. e4 c5 2. Nf3 d6 3. Bb5+ Bd7 4. Bxd7+ Nxd7 5. 0-0 Ngf6 6. d3 g6 7. b3 Bg7 8. Bb2 0-0 9. Na3 a6 10. Nc4 b5 11. Ne3 e6 12. c4 Qc7 13. Qc2 Qb7 14. Nd2 Ne8 15. Bxg7 Nxg7 16. f4 f5 17. exf5 Nxf5 18. Nxf5 exf5 19. Nf3 Nf6 20. Rfe1 Rae8 21. Qd2 b4 22. Rxe8 Rxe8 23. Re1 Qd7 1/2-1/2

[Event "IECG CB.2001.0.00008 email"]
[Site "IECG email"]
[Date "2001.07.08"]
[Round "?"]
[White "Kinkelin, Christian"]
[Black "Cottle, Nigel W"]
[Result "1/2-1/2"]
[WhiteElo "1867"]
[BlackElo "1880"]
[PlyCount "54"]
[EventDate "2001.07.08"]
[EventType "tourn (corr)"]
[EventRounds "6"]
[SourceTitle "Corr 2008"]
[Source "ChessBase"]
[SourceDate "2008.06.24"]
[SourceVersion "1"]
[SourceVersionDate "2008.06.24"]
[SourceQuality "1"]

1. e4 Nf6 2. e5 Nd5 3. d4 d6 4. Nf3 Bg4 5. Be2 c6 6. 0-0 Bxf3 7. Bxf3 dxe5 8. dxe5 e6 9. Nd2 Nd7 10. Re1 Qc7 11. Nc4 N7b6 12. Qe2 Bc5 13. Bg5 0-0 14. Rad1 h6 15. Bc1 Nxc4 16. Qxc4 Qb6 17. Qh4 Rfd8 18. a3 a5 19. Qg3 Kh8 20. Bh5 Rf8 21. c4 Ne7 22. Be3 Bxe3 23. Qxe3 Qc7 24. Qe4 c5 25. Be2 Rad8 26. Bd3 Ng6 27. Bc2 Rxd1 1/2-1/2

[Event "IECG CB.2001.0.00008 email"]
[Site "IECG email"]
[Date "2001.07.08"]
[Round "?"]
[White "Kinkelin, Christian"]
[Black "Kuc, Mariusz"]
[Result "1/2-1/2"]
[WhiteElo "1867"]
[BlackElo "1900"]
[PlyCount "41"]
[EventDate "2001.07.08"]
[EventType "tourn (corr)"]
[EventRounds "6"]
[SourceTitle "Corr 2008"]
[Source "ChessBase"]
[SourceDate "2008.06.24"]
[SourceVersion "1"]
[SourceVersionDate "2008.06.24"]
[SourceQuality "1"]

1. e4 Nf6 2. e5 Nd5 3. d4 d6 4. Nf3 Bg4 5. Be2 c6 6. 0-0 Bxf3 7. Bxf3 dxe5 8. dxe5 e6 9. Nd2 Nd7 10. Re1 Qc7 11. Nc4 Be7 12. Nd6+ Kf8 13. c4 Nxe5 14. cxd5 Bxd6 15. dxe6 Re8 16. Be4 Rxe6 17. Bf5 Re8 18. Bd2 Ng6 19. Rxe8+ Kxe8 20. Qh5 Nf4 21. Re1+ 1/2-1/2

[Event "IECG CB.2001.0.00008 email"]
[Site "IECG email"]
[Date "2001.07.08"]
[Round "?"]
[White "Starace, Umberto"]
[Black "Kinkelin, Christian"]
[Result "1-0"]
[WhiteElo "1919"]
[BlackElo "1867"]
[PlyCount "105"]
[EventDate "2001.07.08"]
[EventType "tourn (corr)"]
[EventRounds "6"]
[SourceTitle "Corr 2008"]
[Source "ChessBase"]
[SourceDate "2008.06.24"]
[SourceVersion "1"]
[SourceVersionDate "2008.06.24"]
[SourceQuality "1"]

1. e4 c5 2. Nf3 d6 3. d4 cxd4 4. Nxd4 Nf6 5. Nc3 a6 6. Bg5 e6 7. f4 Be7 8. Qf3 Qc7 9. 0-0-0 Nbd7 10. g4 b5 11. Bxf6 gxf6 12. f5 Ne5 13. Qh3 0-0 14. Rg1 Kh8 15. Nce2 Rg8 16. Rg3 Bd7 17. Nf4 Rac8 18. Kb1 a5 19. Qg2 Qb7 20. fxe6 fxe6 21. Ndxe6 b4 22. h4 a4 23. g5 fxg5 24. hxg5 Bxe6 25. Nxe6 a3 26. b3 Rg6 27. Nf4 Rg7 28. g6 Bh4 29. Rh3 Nxg6 30. Ne6 Rf7 31. Qg4 Qd7 32. Be2 Ne5 33. Qxh4 Qxe6 34. Rdh1 Qd7 35. Qg5 Qc7 36. Qd2 Qc6 37. Bd1 Qxe4 38. Rh4 Qc6 39. Qxb4 Qc3 40. Qxc3 Rxc3 41. Ra4 Kg7 42. Rxa3 Kf6 43. Ra4 Rcc7 44. Rf4+ Ke6 45. Rh6+ Ng6 46. Rxf7 Rxf7 47. a4 Ke5 48. c3 Nf4 49. Bc2 Nd5 50. Rh5+ Ke6 51. Kb2 Nf6 52. Rh6 Ke5 53. b4 1-0

[Event "IECG L1.2001.0.00021 email"]
[Site "IECG email"]
[Date "2001.04.01"]
[Round "?"]
[White "Rossello Padron, Carlos Eduardo"]
[Black "Kinkelin, Christian"]
[Result "1/2-1/2"]
[WhiteElo "1940"]
[BlackElo "1908"]
[PlyCount "94"]
[EventDate "2001.04.01"]
[EventType "tourn (corr)"]
[EventRounds "14"]
[SourceTitle "Corr 2008"]
[Source "ChessBase"]
[SourceDate "2008.06.24"]
[SourceVersion "1"]
[SourceVersionDate "2008.06.24"]
[SourceQuality "1"]

1. Nf3 Nf6 2. g3 g6 3. Bg2 Bg7 4. 0-0 0-0 5. c4 c5 6. d4 Nc6 7. dxc5 Qa5 8. Na3 Qxc5 9. Be3 Qh5 10. Bd4 d6 11. Bc3 Bh3 12. b4 Bxg2 13. Kxg2 Rfd8 14. Qc2 Rac8 15. Rad1 d5 16. b5 Nb8 17. Qa4 Nbd7 18. Bb4 dxc4 19. Bxe7 Re8 20. Bxf6 Nxf6 21. Nxc4 Rxe2 22. Nd6 Rc3 23. Qf4 Qg4 24. Nxb7 Qxf4 25. gxf4 Rxa2 26. Ne5 Nh5 27. Rd8+ Bf8 28. f5 Nf4+ 29. Kg1 gxf5 30. Nd6 h5 31. Nd7 Ne6 32. Ra8 Rd2 33. Nxf8 Nxf8 34. Nc8 Kg7 35. Ne7 Rc5 36. Kg2 Rxb5 37. Rxa7 Kf6 38. Ng8+ Kg7 39. Ne7 Ne6 40. Rg1 f4 41. Kh1+ Rg5 42. Rxg5+ Nxg5 43. Kg2 Rd3 44. Ra4 Ne6 45. Ra5 Kf6 46. Nd5+ Kg7 47. Ne7 Kf6 1/2-1/2

[Event "IECG L1.2001.0.00021 email"]
[Site "IECG email"]
[Date "2001.04.01"]
[Round "?"]
[White "Simon, Holger"]
[Black "Kinkelin, Christian"]
[Result "1-0"]
[WhiteElo "1944"]
[BlackElo "1908"]
[PlyCount "85"]
[EventDate "2001.04.01"]
[EventType "tourn (corr)"]
[EventRounds "14"]
[SourceTitle "Corr 2008"]
[Source "ChessBase"]
[SourceDate "2008.06.24"]
[SourceVersion "1"]
[SourceVersionDate "2008.06.24"]
[SourceQuality "1"]

1. d4 Nf6 2. c4 g6 3. Nc3 Bg7 4. e4 d6 5. f3 0-0 6. Be3 Nc6 7. Nge2 Rb8 8. Qd2 a6 9. Rb1 Bd7 10. b4 e5 11. d5 Ne7 12. Nc1 Ne8 13. Be2 f5 14. 0-0 f4 15. Bf2 g5 16. c5 h5 17. a4 Nf6 18. b5 axb5 19. cxd6 cxd6 20. Bxb5 g4 21. Bxd7 Qxd7 22. Kh1 gxf3 23. gxf3 Rfc8 24. N1e2 Kh7 25. Rfc1 Rg8 26. Nb5 Rbc8 27. Rxc8 Rxc8 28. Rc1 Rxc1+ 29. Qxc1 Bh6 30. Qc7 Nc8 31. a5 Bg7 32. Qxd7 Nxd7 33. Nc1 Kg6 34. Nb3 Bf6 35. Nd2 Be7 36. Nc4 Nb8 37. Kg2 Na6 38. Kh3 Nb4 39. Bh4 Bf8 40. Nc7 Na6 41. Nxa6 bxa6 42. Nb6 Na7 43. Nd7 1-0

[Event "IECG L1.2001.0.00020 email"]
[Site "IECG email"]
[Date "2001.02.18"]
[Round "?"]
[White "Garcia, Hamlet Danilo"]
[Black "Kinkelin, Christian"]
[Result "1-0"]
[WhiteElo "2191"]
[BlackElo "1900"]
[PlyCount "77"]
[EventDate "2001.02.18"]
[EventType "tourn (corr)"]
[EventRounds "12"]
[SourceTitle "Corr 2008"]
[Source "ChessBase"]
[SourceDate "2008.06.24"]
[SourceVersion "1"]
[SourceVersionDate "2008.06.24"]
[SourceQuality "1"]

1. e4 c5 2. Nf3 d6 3. d4 cxd4 4. Nxd4 Nf6 5. Nc3 g6 6. Be3 Bg7 7. f3 0-0 8. Qd2 Nc6 9. Bc4 Bd7 10. h4 Ne5 11. Bb3 h5 12. 0-0-0 Rc8 13. Bg5 Rc5 14. Kb1 a5 15. g4 a4 16. Bxa4 Rxc3 17. Bxd7 Rc5 18. Bxf6 Bxf6 19. Ba4 hxg4 20. fxg4 Nxg4 21. Bb3 Qc8 22. Rdg1 Bxd4 23. Qxd4 Re5 24. h5 Rxh5 25. Rxh5 gxh5 26. Rh1 Nf6 27. e5 dxe5 28. Qxe5 Qg4 29. Qxe7 Qg2 30. Re1 Kg7 31. Qc5 Qg6 32. Qd4 Kh7 33. a3 Ng4 34. Qb4 Kg7 35. Qxb7 h4 36. Qc7 Nf6 37. Qa7 Qh6 38. Rh1 Qf4 39. Rg1+ 1-0

[Event "IECG L1.2001.0.00020 email"]
[Site "IECG email"]
[Date "2001.02.18"]
[Round "?"]
[White "Marcotulli, Giancarlo"]
[Black "Kinkelin, Christian"]
[Result "1-0"]
[WhiteElo "1880"]
[BlackElo "1900"]
[PlyCount "105"]
[EventDate "2001.02.18"]
[EventType "tourn (corr)"]
[EventRounds "12"]
[SourceTitle "Corr 2008"]
[Source "ChessBase"]
[SourceDate "2008.06.24"]
[SourceVersion "1"]
[SourceVersionDate "2008.06.24"]
[SourceQuality "1"]

1. e4 c5 2. Nf3 d6 3. d4 cxd4 4. Nxd4 Nf6 5. Nc3 g6 6. Be3 Bg7 7. f3 0-0 8. Qd2 Nc6 9. Bc4 Bd7 10. 0-0-0 Qa5 11. h4 Rfc8 12. Bb3 Ne5 13. Kb1 Nc4 14. Bxc4 Rxc4 15. Nb3 Qd8 16. Bh6 Bxh6 17. Qxh6 Qf8 18. Qe3 b5 19. g4 b4 20. Nd5 Nxd5 21. exd5 Rac8 22. Rd2 e5 23. dxe6 Bxe6 24. h5 Re8 25. Qxa7 g5 26. Rhd1 d5 27. Qb6 h6 28. Nd4 Rcc8 29. Rg2 Rb8 30. Qc6 b3 31. axb3 Rbc8 32. Qb5 Rc5 33. Qd3 Ra5 34. c3 Rea8 35. Nxe6 fxe6 36. Qg6+ Kh8 37. Qxe6 Ra1+ 38. Kc2 Rxd1 39. Kxd1 Qxf3+ 40. Re2 Qd3+ 41. Ke1 Qb1+ 42. Kf2 Rf8+ 43. Ke3 Kg7 44. Kd4 Rf6 45. Qe8 Qg1+ 46. Kxd5 Qd1+ 47. Kc4 Rf7 48. Qe5+ Rf6 49. b4 Qf1 50. b5 Qf3 51. Re4 Qf1+ 52. Kc5 Qf2+ 53. Rd4 1-0